| LEADER 00000nam 2200000uu 4500 |
| 001 210148 |
| 003 ULIBM |
| 008 141027s2557||||th 000 0 tha d |
| 024 ^a9786161122027
|
| 041 0 ^atha^beng
|
| 060 4 ^aWY18 ศ474ห 2557
|
| 100 0 ^aศิริมา ลีละวงศ์...[และคนอื่นๆ].
|
| 245 00 ^aหลักสูตรการพัฒนาสมรรถนะพยาบาลผู้จัดการสุขภาพชุมชน/^bผู้เขียน,ศิริมา ลีละวงศ์...[และคนอื่นๆ] ;บรรณาธิการ,กาญจนา จันทร์ไทย.
|
| 250 ^aพิมพ์ครั้งที่ 1
|
| 260 ^aนนทบุรี : ^bสำนักการพยาบาล สำนักงานปลัดกระทรวง กระทรวงสาธารณสุข,^c2557.
|
| 300 ^a 136 หน้า .
|
| 650 4 ^aพยาบาล
|
| 650 4 ^aสมรรถนะ ^xพยาบาล
|
| 650 4 ^aการพัฒนาสมรรถนะพยาบาล ^xหลักสูตร
|
| 650 4 ^aพยาบาลผู้จัดการสุขภาพชุมชน
|
| 700 0 ^aศิริมา ลีละวงศ์,^eผู้เขียน
|
| 700 0 ^aกาญจนา จันทร์ไทย,^eบรรณาธิการ
|
| 710 2 ^aสำนักงานปลัดกระทรวงสาธารณสุข. สำนักการพยาบาล
|
| 710 2 ^aสำนักงานกองทุนสนับสนุนการสร้างเสริมสุขภาพ
|
| 999 ^aใช้งานได้ทุกระบบ
|